04270nam a22004575i 4500001001800000003000900018005001700027007001500044008004100059020001800100024003500118050001300153072001700166072002300183072001600206082001500222100008000237245017200317250001800489260007500507300006600582336002600648337002600674338003600700347002400736505055400760520200901314650001803323650003903341650002403380650002003404650002703424650002403451700008303475700007603558710003403634773002603668776003603694776003603730856004603766978-3-031-34422-0DE-He21320250103112334.0cr nn 008mamaa231114s2023 sz | s |||| 0|eng d a9783031344220 a10.1007/978-3-031-34422-02doi aGC1-1581 aRBKC2bicssc aSCI0520002bisacsh aRBKC2thema a551.46223 aMukherjee, Swapna.eauthor.4aut4http://id.loc.gov/vocabulary/relators/aut aEnvironmental Oceanography and Coastal Dynamicsh[electronic resource] :bCurrent Scenario and Future Trends /cby Swapna Mukherjee, Kaushik Kiran Ghosh, Abhra Chanda. a1st ed. 2023. aCham :bSpringer International Publishing :bImprint: Springer,c2023. aXIX, 440 p. 141 illus., 84 illus. in color.bonline resource. atextbtxt2rdacontent acomputerbc2rdamedia aonline resourcebcr2rdacarrier atext filebPDF2rda aAn introduction to Oceanography -- Marine Ecosystems -- Oceans and Human Activities -- Basic Oceanographic Parameters and their Significance -- Coastal Pollution – An Overview -- Nutrient Pollution -- Organic pollution -- Persistent Organic Pollutants -- Heavy metals -- Marine Oil Pollution -- Plastic Pollution -- Ocean Acidification -- Energy from the Ocean -- Marine Mineral Resources -- Coastal Hazards: Climatic and Hydrogeological Hazards -- Coastal Hazards: Geomorphic and Tectonic Hazards -- Global Sea-Level Rise and Associated Problems. aThis book deals with every aspect of oceanography in detail including various aspects of physical, chemical, geological, and biological discourse. ‘Earth and Planetary Science’ is perhaps the oldest, dynamic, and ever-evolving subject. Oceanography is one of its domains, which has become important in the present date, given the ubiquitous and undeniable climate change that we are experiencing. The subject domain of oceanography encompasses several environmental issues, which need serious attention from the present scientific community. Despite the ocean’s significant role in the collective well-being of the human race, a multitude of anthropogenic activities has drastically polluted and degraded several crucial oceanic ecosystems within a short span. This book aims to present a concise yet succinct introduction to Oceanography as a subject and at the same time highlight the cutting-edge topics of research encompassing marine pollution, coastal processes, and many other associated phenomena. Oceanography is an interdisciplinary emerging subject and students all over the world who come from varied disciplines are pursuing it as higher studies. Long sections are devoted to ocean–atmosphere interaction, tides, waves, and related coastal processes. The book represents a comprehensive idea of human activities bestowing the ocean with particular reference to Indian examples. This book helps to understand marine pollution and the behavior of oil, plastic, and other agents in the light of real-world examples and empirical models. Harnessing electricity from waves and tides is a technological advancement in the field of unconventional energy. The vast resources of the ocean like oil, mineral, methane hydrate, and their proper estimation and exploitation is the topic of discussion in the third part of the book. This book is designated to meet the essential needs of the students studying oceanography and marine science. It may be helpful to professional oceanographers also. aOceanography. aHuman ecologyxStudy and teaching. aPhysical geography. aOcean Sciences. aEnvironmental Studies. aPhysical Geography. aGhosh, Kaushik Kiran.eauthor.4aut4http://id.loc.gov/vocabulary/relators/aut aChanda, Abhra.eauthor.4aut4http://id.loc.gov/vocabulary/relators/aut aSpringerLink (Online service) tSpringer Nature eBook iPrinted edition:z9783031344213 iPrinted edition:z9783031344237 uhttps://doi.org/10.1007/978-3-031-34422-0